Русский акварельный и карандашный портрет первой половины XIX века из музеев РСФСР: [альбом]
| Daljnji autori: | , , , |
|---|---|
| Sažetak: | Текст парал.: рус., англ. Загл. указано на корешке Даны краткие биографические сведения о лицах, изображенных на портретах. В футляре. |
| Jezik: | ruski francuski |
| Izdano: |
Москва, Изобразительное искусство, 1983
|
| Teme: | |
| Format: | Knjiga |
| KOHA link: | https://koha.lib.tpu.ru/cgi-bin/koha/opac-detail.pl?biblionumber=204248 |
MARC
| LEADER | 00000nam0a2200000 4500 | ||
|---|---|---|---|
| 001 | 204248 | ||
| 005 | 20231031190027.0 | ||
| 035 | |a (RuTPU)RU\TPU\book\222610 | ||
| 090 | |a 204248 | ||
| 100 | |a 20111121d1983 m y0rusy50 ca | ||
| 101 | 2 | |a rus |a fre | |
| 102 | |a RU | ||
| 105 | |a c z 001zd | ||
| 200 | 1 | |a Русский акварельный и карандашный портрет первой половины XIX века из музеев РСФСР |e [альбом] |f авт.-сост. С. М. Горбачева, С. В. Ямщиков ; пер. А. Ю. Байер ; оформление худ. А. Ф. Быкова | |
| 210 | |a Москва |c Изобразительное искусство |d 1983 | ||
| 215 | |a 335 с. |c 140 портр. |d 29,5 см. | ||
| 300 | |a Текст парал.: рус., англ. | ||
| 300 | |a Загл. указано на корешке | ||
| 300 | |a Даны краткие биографические сведения о лицах, изображенных на портретах. | ||
| 300 | |a В футляре. | ||
| 320 | |a Список литературы: с. 316-317 | ||
| 320 | |a Биографические сведения о художниках, представленных в альбоме: с. 318-322 | ||
| 320 | |a Список музеев, экспонаты которых воспроизведены в альбоме: с. 327 | ||
| 320 | |a Список реставраторов,принимавших участие в реставрации портретов: с. 329 | ||
| 320 | |a Список репродукций: с. 330-332. | ||
| 510 | 1 | |a Le portrait russe a l'aquarelle et au crayon de la premiere moitie du XIXeme siecle dans les musees de la Russie |z fre | |
| 610 | 1 | |a русское искусство | |
| 610 | 1 | |a изобразительное искусство | |
| 610 | 1 | |a русская графика | |
| 610 | 1 | |a акварель | |
| 610 | 1 | |a портретная живопись | |
| 610 | 1 | |a портреты | |
| 610 | 1 | |a 19 век | |
| 610 | 1 | |a музейные собрания | |
| 610 | 1 | |a альбомы | |
| 610 | 1 | |a художники | |
| 610 | 1 | |a персоналии | |
| 675 | |a 75.041 |v 3 | ||
| 702 | 1 | |a Горбачева |b С. М. |g Светлана Максимовна |4 220 |4 080 | |
| 702 | 1 | |a Ямщиков |b С. В. |g Савелий Васильевич |4 220 |4 080 | |
| 702 | 1 | |a Байер |b А. Ю. |4 730 | |
| 702 | 1 | |a Быков |b А. Ф. |c художник |4 130 | |
| 801 | 1 | |a RU |b 63413507 |c 20111121 | |
| 801 | 2 | |a RU |b 63413507 |c 20111122 |g RCR | |
| 942 | |c BK | ||